header

A business guide to information security (Record no. 100531)

MARC details
000 -LEADER
fixed length control field 01169nam a2200289Ia 4500
082 04 - DEWEY DECIMAL CLASSIFICATION NUMBER
Classification number 005.8
100 1# - MAIN ENTRY--AUTHOR NAME
Personal name Calder, Alan,
245 12 - TITLE STATEMENT
Title A business guide to information security
260 ## - PUBLICATION, DISTRIBUTION, ETC. (IMPRINT)
Place of publication London :
Name of publisher Kogan Page,
Year of publication 2005.
300 ## - PHYSICAL DESCRIPTION
Number of Pages viii, 182 p.
650 #0 - SUBJECT ADDED ENTRY--TOPICAL TERM
Topical Term Computer security.
Topical Term Information resources management
856 40 - ELECTRONIC LOCATION AND ACCESS
Uniform Resource Identifier http://site.ebrary.com/lib/rucke/Doc?id=10106653

No items available.

© 2026 Rongo University
Contact us: librarian | system librarian | Rongo university